| 000 | 00575nam a22001937a 4500 | ||
|---|---|---|---|
| 999 |
_c2379 _d2379 |
||
| 003 | BD-DhUAP | ||
| 005 | 20210128163529.0 | ||
| 008 | 200224s1997 enka|||| |||| 00| 0 eng d | ||
| 020 | _a8881182114 | ||
| 040 |
_aBD-DhUAP _bEng _cBD-DhUAP _dBD-DhUAP |
||
| 082 |
_223 _a720.92 UNG |
||
| 100 | _aUngers, O.M. | ||
| 245 |
_aOswald mathias ungers : _bthe dialectic city / _cO. M. Ungers and S. Vieths. |
||
| 260 |
_aLondon : _bSkira editor, _cc1997. |
||
| 300 |
_a119 pages : _billustrations ; _c21 cm. |
||
| 650 |
_aArchitecture _zGermany. |
||
| 700 | _aVieth, S. | ||
| 942 |
_2ddc _cBK |
||